00453nam a2200169Ia 4500003000400000008004100004040001600045082002100061100002300082245006700105700001700172260004500189300000900234650001500243650001300258650001200271GCL140319s9999 xx 000 0 eng d aGCL / cGCL04aCHb823.087bM W1 aMONCURE, JANE BELK10aWHAT DO YOU DO WITH A GRUMPY KANGAROO ? / cMONCURE, JANE BELK1 aHOHAG, LINDA a[S.N] : bTHE CHILD WORLD, INC ، c1988 a29 P04aLITERATURE04aCHILDREN04aFICTION